000 00813nmc a2200313 a 4500
003 AR-BaBNM
005 20251128211529.0
008 044120s1995 ||||||||||||||000 | spa||
020 _a987-9011-10-4
040 _cAR-BaBNM
245 1 0 _aKalevala
_bel país de los héroes
250 _a1ª ed.
260 _aBuenos Aires
_bEdiciones del Eclipse
_c1995
300 0 _a44 p.
_bil.
490 0 _aLibros del olifante
650 4 _aLITERATURA MEDIEVAL
650 4 _aTRADICION ORAL
650 4 _aLITERATURA POPULAR
650 4 _aLEYENDAS
650 4 _aPOESIA
653 _aPAGANISMO
653 0 _aLITERATURA FINLANDESA
655 _aLITERATURA
700 1 _aCrouzeilles, Carmen
_eadaptador
700 0 _aPez
_eilustrador
800 1 _aAlvarado, Maite
_edirector
942 _cBK
998 _cEugenia
999 _c20046
_d20046